03829cam a2200421 i 450000100090000000300050000900500170001400800410003101000170007202000310008903500130012004000390013304200080017205000230018006000130020308200370021610000270025324501040028025000190038426400670040330000450047033600260051533700280054133800270056950000810059650400510067750507460072852003720147452011560184665000280300265000310303070000480306170000670310990600450317694200470322195201220326899900170339022856410CSPC20260319134504.0221107s2024 maua b 001 0 eng  a 2022054047 a9781284275889q(paperback) a22856410 aDNLM/DLCbengerdacDLCdDLCdCSPC apcc00aRT81.5b.N673 202400aWY 100.700a610.73072bN86b223/eng/202303171 aNowak, Emily,eauthor.10aBrown's evidence-based nursing :bthe research-practice connection /cEmily Nowak and Renee Colsch. aFifth edition. 1aBurlington, Massachusetts :bJones & Bartlett Learning,c2024. axi, 254 pages :billustrations ;c23 cm. atextbtxt2rdacontent aunmediatedbn2rdamedia avolumebnc2rdacarrier aPreceded by Evidence-based nursing / Sarah Jo Brown. Fourth edition. [2018]. aIncludes bibliographical references and index.0 aPart 1. Nursing research -- The research-practice connection -- Research evidence -- Reading research articles -- Qualitative research -- Quantitative descriptive research -- Correlational research -- Experimental research -- Cohort research -- Systematic reviews -- Evidence-based clinical practice guidelines -- Part 2. Evidence-based practice -- Asking clinical questions -- Searching for research evidence -- Using tools to appraise research evidence -- Appraising recommendations of clinical practice guidelines -- Appraising conclusions of systematic reviews with narrative synthesis -- Appraising findings of original studies -- Evidence-based practice strategies -- Evidence-based practice participation -- Point-of-care adaptations. a"Brown's Evidence-Based Nursing: The Research-Practice Connection, Fifth Edition introduces students to research methods and evidence-based practice. Evidence-based practice is a multi-step approach to healthcare delivery. It requires the ability to assess, interpret, and integrate current research to apply to day-to-day clinical problems"--cProvided by publisher. a"Brown's Evidence-Based Nursing: The Research-Practice Connection continues to be a popular choice for graduate and upper level undergraduate students in an updated fifth edition. In an accessible and easy-to-read style, it introduces students to research methods and evidence-based practice. Students will understand research methods, how to appraise and use research evidence in clinical decision-making, and how to fully understand and engage in evidence-based practice. The unique Why-How-What format along with the exemplar studies throughout provide rich context for learning how EBP progresses from research results. The Fifth Edition was revised to feature LGBTQIA+ inclusive language and features a greater focus on information technology as it relates to EBP. Additionally, clear exemplars and appendices help fully explain key concepts while minimizing the potential for students to feel overwhelmed by the intricacies of scientific research jargon. Brown's Evidence-Based Nursing: The Research-Practice Connection, Fifth Edition is the clear choice for instructors seeking an application-focused resource for their students"--cAmazon.com.12aEvidence-based nursing.22aNursing researchxMethods.1 aColsch, Reneeq(Renee Ann),d1979-eauthor.1 iPreceded by (work):aBrown, Sarah Jo.tEvidence-based nursing. a7bcbccorignewd1eecipf20gy-gencatlg 2ddccBKe23h610.73072iN86bkGRDm2024n0 00102ddc4070aCSPCbCSPCcGRDd2026-03-19l0oGRD 610.73072 N86b 2024p031528r2026-03-19 13:43:53w2026-03-19yBK c32118d32118